000 00576 a2200193 4500
001 61733
005 20260407155908.0
008 260407a1971 arg spa d
003 AR-UNSa-BCEJYS
040 _aAR-UNSa-BCEJYS
_bspa
_cAR-UNSa-BCEJYS
080 _a347
_xDerecho Civil
245 1 0 _aEl código civil y la reforma (Ley 17.711)
_pAlgunos aspectos - Análisis
264 1 _aBuenos Aires :
_bVíctor P. de Zavalía
_c1971
300 _a76 p.
_c23 cm.
041 _aspa
942 _cBK
590 _aniveau_biblio:m niveau_hierar:0
100 1 _aButeler Caceres, José A.
999 _c7385
_d7385